000 00571nam a2200193 i 4500
001 27125
003 ES-MaACL
007 t|
008 030113s1974 sp ||||1| spa d
100 1 _aAvrich, Paul.
_924090
245 1 4 _aLos anarquistas rusos /
_cPaul Avrich ; traductor, Leopoldo Lovelace.
260 _aMadrid :
_bAlianza,
_c1974.
300 _a33 p. ;
_c18 cm.
490 1 _alibro de bolsillo
700 1 _aLovelace, Leopoldo.
_974355
830 0 3 _aEl libro de bolsillo
_9177802
852 _aES-MaACL
_jE-6412
_bR.91014
999 _c27125
_d27125